NintendoLife's Top 50 GBA Games - Statistics

General Stats
  • This quiz has been taken 5 times
  • The average score is 7 of 50
Answer Stats
Hint Answer % Correct
4 Pokemon Emerald
75%
39 Super Mario Advance
50%
5 The Legend of Zelda: The Minish Cap
50%
16 Advance Wars
25%
24 Advance Wars 2: Black Hole Rising
25%
35 Drill Dozer
25%
15 Fire Emblem
25%
18 Fire Emblem: The Sacred Stones
25%
11 Golden Sun
25%
7 Golden Sun: The Lost Age
25%
26 Kirby: Nightmare in Dream Land
25%
41 Kirby & The Amazing Mirror
25%
6 Mario and Luigi: Superstar Saga
25%
38 Mario vs. Donkey Kong
25%
3 Metroid Fusion
25%
1 Metroid: Zero Mission
25%
10 Mother 3
25%
31 Pokemon Mystery Dungeon: Red Rescue Team
25%
9 Super Mario Advance 4: Super Mario Bros. 3
25%
13 Super Mario World: Super Mario Advance 2
25%
8 The Legend of Zelda: A Link to the Past/Four Swords
25%
23 Wario Land 4
25%
20 WarioWare, Inc.: Mega Microgame$!
25%
21 Yoshi's Island: Super Mario Advance 3
25%
32 Astro Boy: The Omega Factor
0%
14 Castlevania: Aria of Sorrow
0%
17 Castlevania: Circle of the Moon
0%
25 Castlevania: Harmony of Dissonance
0%
36 Final Fantasy I & II: Dawn of Souls
0%
29 Final Fantasy IV Advance
0%
19 Final Fantasy Tactics Advance
0%
30 Final Fantasy V Advance
0%
2 Final Fantasy VI Advance
0%
33 Gunstar Super Heroes
0%
28 Harvest Moon: Friends of Mineral Town
0%
37 Harvest Moon: More Friends of Mineral Town
0%
44 Klonoa: Empire of Dreams
0%
42 Mario Golf: Advance Tour
0%
46 Mario Tennis: Power Tour
0%
50 Mega Man Zero 2
0%
40 Mega Man Zero 3
0%
47 Ninja Five-O
0%
12 Pokemon FireRed Version/Pokemon LeafGreen Version
0%
43 Pokemon Pinball: Ruby and Sapphire
0%
22 Pokemon Ruby Version/Pokemon Sapphire Version
0%
45 Sonic Advance
0%
49 Sonic Advance 2
0%
48 Sword of Mana
0%
27 Tactics Ogre: The Knight of Lodis
0%
34 WarioWare Twisted!
0%
No matching quizzes found
Score Distribution
Percent of People with Each Score
Percentile by Number Answered
Your Score History
You have not taken this quiz